| Tag |
First Indicator |
Second Indicator |
Subfields |
| LEADER |
00000cam a22000004a 4500 |
| 001 |
in00003380708 |
| 005 |
20190405190729.0 |
| 006 |
m d |
| 007 |
cr |||||||nn|n |
| 008 |
120118s2012 ilu o d eng d |
| 010 |
|
|
|z 2012002272
|
| 020 |
|
|
|a 9780810166080
|
| 020 |
|
|
|z 9780810127982 (cloth : alk. paper)
|
| 035 |
|
|
|a (MdBmJHUP)muse9780810166080
|
| 040 |
|
|
|a MdBmJHUP
|c MdBmJHUP
|d UtOrBLW
|
| 050 |
0 |
0 |
|a B2993
|b .H36 2012
|
| 082 |
0 |
4 |
|a 193
|2 23
|
| 245 |
0 |
0 |
|a Hamann and the tradition /
|c edited by Lisa Marie Anderson.
|
| 264 |
|
1 |
|a Evanston, Ill. :
|b Northwestern University Press,
|c 2012.
|
| 300 |
|
|
|a 1 online resource (272 pages)
|
| 336 |
|
|
|a text
|b txt
|2 rdacontent
|
| 337 |
|
|
|a computer
|b c
|2 rdamedia
|
| 338 |
|
|
|a online resource
|b cr
|2 rdacarrier
|
| 490 |
1 |
|
|a Topics in historical philosophy
|
| 500 |
|
|
|a Proceedings of a conference held March 2009 at Hunter College, New York.
|
| 504 |
|
|
|a Includes bibliographical references.
|
| 505 |
0 |
|
|a Part 1. Situating Hamann -- Reading "Sibylline leaves": J. G. Hamann in the history of ideas / John R. Betz -- "There is an idol in the temple of learning": Hamann and the history of philosophy / Kenneth Haynes -- Part 2. Hamann in dialogue -- God, I, and Thou: Hamann and the personalist tradition / Gwen Griffith-Dickson -- Hamann and Kant on the good will / Manfred Kuehn -- Metaschematizing Socrates: Hamann, Kierkegaard, and Kant on the value of the Enlightenment / Kelly Dean Jolley -- Skepticism and faith in Hamann and Kierkegaard / Stephen Cole Leach -- Hamann, Nietzsche, and Wittgenstein on the language of philosophers / Jonathan Gray -- Part 3. Hamann's place in German literary history -- Rhapsodic dismemberment: Hamann and the fable / Lori Yamato -- Hamann, Goethe, and the West-eastern divan / Kamaal Haque -- Hallucinating Europe: Hamann and his impact on German Romantic drama / Christian Sinn -- Part 4. Hamann and theology -- God as author: on the theological foundation of Hamann's authorial poetics / Oswald Bayer -- Metaphysics and metacritique: Hamann's understanding of the word of God in the tradition of Lutheran theology / Johannes von Lupke -- Is theology possible after Hamann? / Katie Terezakis.
|
| 588 |
|
|
|a Description based on print version record.
|
| 500 |
|
|
|a Electronic resource.
|
| 600 |
1 |
0 |
|a Hamann, Johann Georg,
|d 1730-1788
|v Congresses.
|
| 655 |
|
7 |
|a Electronic books.
|2 local
|
| 700 |
1 |
|
|a Anderson, Lisa Marie.
|
| 830 |
|
0 |
|a Northwestern University topics in historical philosophy.
|
| 856 |
4 |
0 |
|u http://proxy.library.tamu.edu/login?url=http://muse.jhu.edu/books/9780810166080/
|z Connect to the full text of this electronic book
|t 0
|
| 999 |
|
|
|a MARS
|
| 999 |
f |
f |
|s 63f852c6-de43-3773-9f46-fea08d0c01df
|i 395835b7-1745-3151-8df9-1ab97199951f
|t 0
|
| 952 |
f |
f |
|a Texas A&M University
|b College Station
|c Electronic Resources
|d Available Online
|t 0
|e B2993 .H36 2012
|h Library of Congress classification
|
| 998 |
f |
f |
|a B2993 .H36 2012
|t 0
|l Available Online
|